Country Flags With Stars - Statistics

General Stats
  • This quiz has been taken 933 times
    929 since last reset
  • The average score is 46 of 70
Answer Stats
Africa % Correct
5 United States
93%
5 & 7 Australia
89%
5 China
88%
5 New Zealand
88%
5 Brazil
81%
5 Vietnam
80%
5 Turkey
78%
5 Algeria
77%
5 Ghana
76%
5 Morocco
76%
5 Chile
75%
5 Somalia
74%
5 Venezuela
74%
5 Tunisia
72%
5 Pakistan
70%
5 Senegal
70%
5 Syria
70%
5 Cuba
69%
5 Democratic Republic of the Congo
69%
5 Federated States of Micronesia
69%
14 Malaysia
69%
24 Marshall Islands
69%
12 Nauru
69%
5 Cameroon
68%
5 Samoa
68%
5 Suriname
68%
5 Tuvalu
68%
6 Israel
67%
5 Papua New Guinea
67%
5 Solomon Islands
67%
5 Panama
66%
5 Honduras
65%
5 Liberia
65%
5 Libya
65%
5 Turkmenistan
65%
5 Uzbekistan
65%
5 Bosnia and Herzegovina
64%
5 Singapore
63%
5 Mauritania
62%
5 North Korea
62%
5 Tajikistan
62%
5 Ethiopia
61%
5 St. Kitts and Nevis
61%
5 Togo
61%
5 Angola
60%
7 Azerbaijan
60%
5 Guinea-Bissau
60%
6 Jordan
60%
5 Myanmar
60%
5 Paraguay
60%
5 São Tomé & Príncipe
60%
5 Burkina Faso
59%
5 Dominica
59%
6 Burundi
58%
5 Comoros
58%
5 Djibouti
58%
12 Nepal
58%
5 South Sudan
58%
5 Cape Verde
57%
5 Kosovo
57%
5 Central African Republic
56%
5 Mozambique
55%
5 Zimbabwe
55%
5 Grenada
53%
6 Slovenia
52%
6 Croatia
51%
5 East Timor
51%
6 Equatorial Guinea
51%
5 Philippines
50%
7 Moldova
46%
No matching quizzes found
Score Distribution
Percent of People with Each Score
Percentile by Number Answered
Your Score History
You have not taken this quiz since the last reset